| 000 | 01761nam a2200229Ia 4500 | ||
|---|---|---|---|
| 003 | Ost | ||
| 005 | 20260507075110.0 | ||
| 008 | 260507s9999||||xx |||||||||||||| ||und|| | ||
| 040 | _cfsecg | ||
| 041 | _aara | ||
| 082 | _a330 | ||
| 100 |
_aحيدر، فؤاد _eمؤلف |
||
| 245 | 0 |
_aالتنمية والتخلف في العالم العربي : _bطروحات تنموية للتخلف / _c فؤاد حيدر |
|
| 260 |
_aبيروت: _bدار الفكر العربي, _c1990 |
||
| 300 |
_a213 صفحة؛ _c24 سم |
||
| 520 | _aهذا الكتاب 1- دور التنمية والتخطيط الاجتماعي في التغير 2- التنمية في الفكر الاقتصادي والاجتماعي 3- التنمية والبناء الاجتماعي والاقتصادي 4- دور التخطيط في التنمية الاقتصادية والاجتماعية خلاصة القسم الأول : دور التنمية في التغير الاجتماعي القسم الثاني : التنمية والتخلف في العالم العربي 1- السكان والتنمية الاقتصادية والاجتماعية في الوطن العربي 2- النشاطات الاقتصادية الأساسية في الوطن العربي 3- التبادل الدولي وتأثيره على العالم العربي 4- دور القيم في التنمية الاقتصادية والاجتماعية في الوطن العربي 5- الخدمات الاجتماعية في العالم العربي 6- الطروحات التنموية للتخلف في العالم العربي | ||
| 653 | _aالتخطيط | ||
| 653 | _aالتخلف | ||
| 653 | _aالتنمية | ||
| 653 | _aالعالم عربي | ||
| 942 | _cكتاب | ||
| 999 |
_c42866 _d42866 |
||